Welcome to CU Library Online Public Access Catalogue (OPAC)

Dictionary of international investment and finance terms / (Record no. 3806)

MARC details
000 -LEADER
fixed length control field 00657pam a2200205 a 4500
001 - CONTROL NUMBER
control field 14491944
005 - DATE AND TIME OF LATEST TRANSACTION
control field 20250211114731.0
008 - FIXED-LENGTH DATA ELEMENTS--GENERAL INFORMATION
fixed length control field 060810s2001 enk d 000 0 eng
020 ## - INTERNATIONAL STANDARD BOOK NUMBER
International Standard Book Number 0852975775
050 00 - LIBRARY OF CONGRESS CALL NUMBER
Classification number HG4513
Item number .D527 2001
082 04 - DEWEY DECIMAL CLASSIFICATION NUMBER
Classification number 368.003
Edition information 21
245 00 - TITLE STATEMENT
Title Dictionary of international investment and finance terms /
Statement of responsibility, etc. series editor, John O.E. Clark.
260 ## - PUBLICATION, DISTRIBUTION, ETC.
Place of publication, distribution, etc. Canterbury, Kent, U.K. :
Name of publisher, distributor, etc. Financial World,
Date of publication, distribution, etc. c2001.
300 ## - PHYSICAL DESCRIPTION
Extent 266 p. ;
Dimensions 21 cm.
650 #0 - SUBJECT ADDED ENTRY--TOPICAL TERM
Topical term or geographic name entry element Investments
Form subdivision Dictionaries.
650 #0 - SUBJECT ADDED ENTRY--TOPICAL TERM
Topical term or geographic name entry element International finance
Form subdivision Dictionaries.
650 #0 - SUBJECT ADDED ENTRY--TOPICAL TERM
Topical term or geographic name entry element Finance
Form subdivision Dictionaries.
700 1# - ADDED ENTRY--PERSONAL NAME
Personal name Clark, John Owen Edward.
942 ## - ADDED ENTRY ELEMENTS (KOHA)
Source of classification or shelving scheme Library of Congress Classification
Koha item type Books
Suppress in OPAC No
999 ## -
-- 3806
-- 3806
Holdings
Withdrawn status Lost status Source of classification or shelving scheme Damaged status Not for loan Collection Home library Current library Shelving location Date acquired Total checkouts Full call number Barcode Date last seen Copy number Price effective from Koha item type
    Library of Congress Classification     Reference Undergraduate Library (Christ Temple) Undergraduate Library (Christ Temple) General stacks 02/11/2025   HG3880 DIC ulct00001154 02/11/2025 1 02/11/2025 Books
    Library of Congress Classification     Reference Undergraduate Library (Christ Temple) Undergraduate Library (Christ Temple) General stacks 02/11/2025   HG3880 DIC ulct00001155 02/11/2025 2 02/11/2025 Books
© 2023-2024 Copyright: Central University Libraries. All Rights Reserved | Created by: Mahone Tech Office